Business ethics : (Record no. 4395)

MARC details
000 -LEADER
fixed length control field 00666nam a2200205 ar4500
001 - CONTROL NUMBER
control field 4397
005 - DATE AND TIME OF LATEST TRANSACTION
control field 20221127090937.0
008 - FIXED-LENGTH DATA ELEMENTS--GENERAL INFORMATION
fixed length control field 151224s xxka 00110 eng d
020 ## - INTERNATIONAL STANDARD BOOK NUMBER
International Standard Book Number 9781292022819(pbk) :
Terms of availability SR215.00
082 04 - DEWEY DECIMAL CLASSIFICATION NUMBER
Classification number 174.4
Item number V541 2014
100 1# - MAIN ENTRY--PERSONAL NAME
Personal name Velasquez, Manuel G.
245 10 - TITLE STATEMENT
Title Business ethics :
Remainder of title concepts and cases /
Statement of responsibility, etc. Manuel Velasquez.
250 ## - EDITION STATEMENT
Edition statement 7th ed.
260 ## - PUBLICATION, DISTRIBUTION, ETC.
Place of publication, distribution, etc. Harlow, England :
Name of publisher, distributor, etc. Pearson Education,
Date of publication, distribution, etc. 2014.
300 ## - PHYSICAL DESCRIPTION
Extent ii, 430 p. :
Other physical details ill. ;
Dimensions 28 cm.
440 #0 - SERIES STATEMENT/ADDED ENTRY--TITLE
Title Pearson custom library.
504 ## - BIBLIOGRAPHY, ETC. NOTE
Bibliography, etc. note Includes bibl. references and index.
650 #4 - SUBJECT ADDED ENTRY--TOPICAL TERM
Topical term or geographic name entry element Business ethics.
650 #4 - SUBJECT ADDED ENTRY--TOPICAL TERM
Topical term or geographic name entry element Industrial management
General subdivision Moral and ethical aspects.
Holdings
Withdrawn status Lost status Source of classification or shelving scheme Damaged status Not for loan Home library Current library Date acquired Total Checkouts Full call number Barcode Date last seen Copy number Price effective from Koha item type
              11/27/2022   174.4 V541 2014 1000000017135 11/27/2022 C3 11/27/2022 Book
              11/27/2022   174.4 V541 2014 1000000017136 11/27/2022 C4 11/27/2022 Book
          CENTRAL CENTRAL 11/27/2022   174.4 V541 2014 1000000014132 11/27/2022 C1 11/27/2022 Book
          CENTRAL CENTRAL 11/27/2022   174.4 V541 2014 1000000014133 11/27/2022 C2 11/27/2022 Book
          CENTRAL CENTRAL 11/27/2022   174.4 V541 2014 1000000014130 11/27/2022 C3 11/27/2022 Book
          CENTRAL CENTRAL 11/27/2022   174.4 V541 2014 1000000014131 11/27/2022 C4 11/27/2022 Book